[Event "Scarborough CC-ch"]
[Site "Toronto"]
[Date "2018.05.17"]
[Round "7"]
[White "Issani, Nameer"]
[Black "Stefanovic, Miroslav"]
[Result "1-0"]
[WhiteElo "1884"]
[BlackElo "1849"]
[PlyCount "75"]
[EventDate "2018.04.05"]
[EventType "swiss"]
[EventRounds "8"]
[EventCountry "CAN"]
[SourceTitle "EXT 2024"]
[Source "ChessBase"]
[SourceDate "2023.10.10"]
[SourceVersion "1"]
[SourceVersionDate "2023.10.10"]
[SourceQuality "1"]

1. d4 Nf6 2. c4 c5 3. d5 g6 4. Nc3 Bg7 5. e4 d6 6. h3 0-0 7. Nf3 e6 8. Bd3 exd5 9. exd5 Re8+ 10. Be3 Bh6 11. Qd2 Na6 12. 0-0 Bxe3 13. fxe3 Nc7 14. Qf2 Rf8 15. Ng5 Kg7 16. Qxf6+ Qxf6 17. Rxf6 Kxf6 18. Nxh7+ Kg7 19. Nxf8 Kxf8 20. Kf2 Bd7 21. Ke2 Ke7 22. Kd2 f5 23. e4 a6 24. exf5 gxf5 25. Rf1 Rf8 26. Ne2 b5 27. b3 Kf6 28. g4 Ke5 29. Ng3 bxc4 30. bxc4 Rh8 31. Nxf5 Rxh3 32. Re1+ Kf6 33. Nxd6 Rh2+ 34. Kc3 Bxg4 35. Ne4+ Kf7 36. a4 Rh4 37. Nxc5 Bc8 38. d6 1-0

[Event "Scarborough CC-ch"]
[Site "Toronto"]
[Date "2018.04.19"]
[Round "3"]
[White "Stefanovic, Miroslav"]
[Black "Yie, Kevin Yi Xiao"]
[Result "1-0"]
[WhiteElo "1849"]
[BlackElo "1828"]
[PlyCount "131"]
[EventDate "2018.04.05"]
[EventType "swiss"]
[EventRounds "8"]
[EventCountry "CAN"]
[SourceTitle "EXT 2024"]
[Source "ChessBase"]
[SourceDate "2023.10.10"]
[SourceVersion "1"]
[SourceVersionDate "2023.10.10"]
[SourceQuality "1"]

1. d4 d5 2. c4 e6 3. Nc3 Nf6 4. Bg5 Be7 5. e3 c6 6. cxd5 exd5 7. Bd3 Nbd7 8. Nge2 Nf8 9. 0-0 Ne6 10. Bxf6 Bxf6 11. Qc2 h6 12. b4 0-0 13. Rab1 a6 14. Na4 Re8 15. Nc5 Qd6 16. Rfc1 Bd8 17. Ng3 Bc7 18. Qd1 b6 19. Nxe6 Bxe6 20. Qe2 Bc8 21. Qh5 b5 22. Rc5 Bd7 23. Rbc1 Rac8 24. a3 a5 25. Qd1 axb4 26. axb4 Bb6 27. R5c2 Qxb4 28. Bf5 Bxf5 29. Nxf5 Re6 30. Qg4 Qf8 31. Ra2 Kh7 32. Ra6 Rg6 33. Qf4 Qd8 34. h4 Ra8 35. Rxa8 Qxa8 36. e4 Bd8 37. e5 b4 38. Qe3 Qa2 39. Qd3 Qb2 40. Rd1 Qc3 41. Qb1 Qh3 42. g3 h5 43. Rd2 Kg8 44. Rb2 Qg4 45. Rxb4 Re6 46. Rb8 Re8 47. Nd6 Rf8 48. Qb7 Qd1+ 49. Kg2 Qxd4 50. Qd7 Qxe5 51. Rxd8 Rxd8 52. Qxd8+ Kh7 53. Nxf7 Qe4+ 54. Kh2 Qf5 55. Ng5+ Kh6 56. Qd6+ Qf6 57. Qxf6+ gxf6 58. Ne6 Kg6 59. Kg2 f5 60. Kf3 Kf6 61. Nf4 Ke5 62. Ke3 c5 63. Nxh5 c4 64. Nf4 d4+ 65. Kd2 Ke4 66. h5 1-0

[Event "Toronto Reserves"]
[Site "Toronto"]
[Date "2013.05.27"]
[Round "6"]
[White "Stefanovic, Miroslav"]
[Black "Nasir, Zehn"]
[Result "1/2-1/2"]
[WhiteElo "1949"]
[BlackElo "2113"]
[PlyCount "36"]
[EventDate "2013.04.15"]
[EventType "tourn"]
[EventRounds "7"]
[EventCountry "CAN"]
[SourceTitle "EXT 2022"]
[Source "ChessBase"]
[SourceDate "2021.10.06"]
[SourceVersion "1"]
[SourceVersionDate "2021.10.06"]
[SourceQuality "1"]

1. d4 Nf6 2. c4 e5 3. dxe5 Ng4 4. Bf4 g5 5. Bg3 Bg7 6. Nf3 Nc6 7. h4 Ngxe5 8. Nxe5 Nxe5 9. hxg5 Nxc4 10. Nc3 Nxb2 11. Qc1 Nc4 12. Nd5 Ne5 13. Nxc7+ Kf8 14. Nxa8 Qa5+ 15. Kd1 Qa4+ 16. Ke1 Qb4+ 17. Kd1 Qa4+ 18. Ke1 Qb4+ 1/2-1/2

[Event "Toronto Reserves"]
[Site "Toronto"]
[Date "2013.05.13"]
[Round "5"]
[White "Plotkin, Mark"]
[Black "Stefanovic, Miroslav"]
[Result "1-0"]
[WhiteElo "2163"]
[BlackElo "1949"]
[PlyCount "50"]
[EventDate "2013.04.15"]
[EventType "tourn"]
[EventRounds "7"]
[EventCountry "CAN"]
[SourceTitle "EXT 2022"]
[Source "ChessBase"]
[SourceDate "2021.10.06"]
[SourceVersion "1"]
[SourceVersionDate "2021.10.06"]
[SourceQuality "1"]

1. e4 c5 2. Nf3 g6 3. d4 cxd4 4. Nxd4 Bg7 5. c4 Nc6 6. Be3 Nf6 7. Nc3 0-0 8. Be2 d6 9. 0-0 Nd7 10. Qd2 Nxd4 11. Bxd4 Bxd4 12. Qxd4 Nf6 13. Nd5 Nxd5 14. cxd5 Bd7 15. b4 Qb6 16. Qxb6 axb6 17. Rfc1 Rfc8 18. Rxc8+ Rxc8 19. b5 Rc5 20. a4 e6 21. dxe6 Bxe6 22. f3 d5 23. exd5 Bxd5 24. Rd1 g5 25. Kf2 f6 1-0

[Event "Toronto Reserves"]
[Site "Toronto"]
[Date "2013.05.06"]
[Round "4"]
[White "Stefanovic, Miroslav"]
[Black "Chernik, Dmitry"]
[Result "1-0"]
[WhiteElo "1949"]
[BlackElo "1905"]
[PlyCount "101"]
[EventDate "2013.04.15"]
[EventType "tourn"]
[EventRounds "7"]
[EventCountry "CAN"]
[SourceTitle "EXT 2022"]
[Source "ChessBase"]
[SourceDate "2021.10.06"]
[SourceVersion "1"]
[SourceVersionDate "2021.10.06"]
[SourceQuality "1"]

1. Nf3 d6 2. d4 Nf6 3. Bf4 g6 4. e3 Bg7 5. Be2 0-0 6. 0-0 Nbd7 7. c3 Re8 8. a4 Ne4 9. Qc2 e5 10. dxe5 dxe5 11. Qxe4 Nf6 12. Qd3 Qxd3 13. Bxd3 exf4 14. exf4 Nd5 15. g3 Bg4 16. Kg2 Rad8 17. Bc4 Nb6 18. Na3 Bxf3+ 19. Kxf3 Rd2 20. a5 Nxc4 21. Nxc4 Rd3+ 22. Ne3 Rd2 23. Rab1 Kf8 24. Rfd1 Red8 25. Rxd2 Rxd2 26. Nc4 Rd5 27. Ke4 Rc5 28. Kd3 Rd5+ 29. Kc2 Rc5 30. Kb3 a6 31. Re1 Rb5+ 32. Kc2 Rc5 33. Ne5 Bxe5 34. Rxe5 Rc6 35. b3 Rd6 36. c4 c6 37. Kc3 Rd1 38. Kb4 f6 39. Re3 Kf7 40. Kc5 h5 41. Kb6 Rd7 42. b4 f5 43. c5 h4 44. Ka7 h3 45. Re1 Rd2 46. Kxb7 Rxf2 47. Kxa6 Rb2 48. Kb6 Rxb4+ 49. Kxc6 Rb2 50. Ra1 Rxh2 51. a6 1-0